[Event "Sports Meet Chess Tour 55th"]
[Site "New Delhi"]
[Date "2022.12.17"]
[Round "3.4"]
[White "Shreyam, Mishra"]
[Black "Akshat, Nahata"]
[Result "1-0"]
[WhiteElo "1577"]
[BlackElo "1368"]
[PlyCount "79"]
[EventDate "2022.12.15"]
[EventType "team-swiss"]
[EventRounds "7"]
[EventCountry "IND"]
[SourceTitle "CBM 212 Extra"]
[Source "ChessBase"]
[SourceDate "2023.03.31"]
[SourceVersion "1"]
[SourceVersionDate "2023.03.31"]
[SourceQuality "1"]
[WhiteTeam "Bombay"]
[BlackTeam "Indore"]
[WhiteTeamCountry "IND"]
[BlackTeamCountry "IND"]

1. e4 c6 2. d4 d5 3. Nc3 dxe4 4. Nxe4 Nf6 5. Nxf6+ exf6 6. c3 Bd6 7. Bd3 0-0 8. Qc2 Re8+ 9. Ne2 g6 10. 0-0 Qc7 11. h3 Be6 12. Be3 Nd7 13. c4 Rad8 14. Rad1 Nf8 15. Qc1 Qc8 16. Bf4 a5 17. Nc3 f5 18. Rfe1 Bb8 19. Bf1 Bd7 20. Bg5 Rxe1 21. Rxe1 Re8 22. Rd1 Qc7 23. g3 Ne6 24. Bf6 f4 25. Be5 Qc8 26. Ne4 Rd8 27. Nf6+ Kf8 28. Nxh7+ Kg8 29. Nf6+ Kf8 30. gxf4 Ng7 31. Qc3 Nf5 32. Qxa5 Nh4 33. Qc5+ Kg7 34. Nxd7+ Kh6 35. Nxb8 Qf5 36. Qe7 Nf3+ 37. Kg2 Qh5 38. Qxd8 Nh4+ 39. Kg1 Nf3+ 40. Kh1 1-0